Visualizzazione normale
Vista MARC
- Juan Carlos
di Personal Name
Records bibliografici associati: 1
001 - CONTROL NUMBER
- control field: 65715
003 - CONTROL NUMBER IDENTIFIER
- control field: IT-RoINE
005 - DATE AND TIME OF LATEST TRANSACTION
- control field: 20200107103140.0
008 - FIXED-LENGTH DATA ELEMENTS
- fixed length control field: 200107|| aca||aabn | a|a d
040 ## - CATALOGING SOURCE
- Original cataloging agency: IT-RoINE
- Transcribing agency: IT-RoINE
100 ## - HEADING--PERSONAL NAME
- Personal name: Juan Carlos
- Numeration: I,
- Titles and other words associated with a name: Rey de España,
- Dates associated with a name: 1938-
- General subdivision: Viajes
- Geographic subdivision: Colombia
- General subdivision: Fuentes
670 ## - SOURCE DATA FOUND
- Source citation: Work cat.: (IT-RoINE)0: Segundo viaje de sus Majestades los Reyes de España a América :, 1976.